000 00199 a2200097 4500
000 nam a22 7a 4500
005 20260302150252.0
100 _aHBR
245 _aOn communication
942 _cTEXL
999 _c1688405
_d1688405